<?xml version="1.0" encoding="UTF-8"?>
<collection xmlns="http://www.loc.gov/MARC21/slim">
<record>
  <controlfield tag="001">94545</controlfield>
  <controlfield tag="005">20220608093947.0</controlfield>
  <datafield tag="024" ind1="7" ind2=" ">
    <subfield code="2">doi</subfield>
    <subfield code="a">10.12795/IE.2020.i101.07</subfield>
  </datafield>
  <datafield tag="024" ind1="8" ind2=" ">
    <subfield code="2">sideral</subfield>
    <subfield code="a">118575</subfield>
  </datafield>
  <datafield tag="037" ind1=" " ind2=" ">
    <subfield code="a">ART-2020-118575</subfield>
  </datafield>
  <datafield tag="041" ind1=" " ind2=" ">
    <subfield code="a">spa</subfield>
  </datafield>
  <datafield tag="100" ind1=" " ind2=" ">
    <subfield code="a">González González, José Manuel</subfield>
    <subfield code="u">Universidad de Zaragoza</subfield>
    <subfield code="0">(orcid)0000-0002-0383-2721</subfield>
  </datafield>
  <datafield tag="245" ind1=" " ind2=" ">
    <subfield code="a">La relación de los museos con el paisaje y su repercusión didáctica. Estado de la cuestión y ejemplos en Extremadura y Aragón</subfield>
  </datafield>
  <datafield tag="260" ind1=" " ind2=" ">
    <subfield code="c">2020</subfield>
  </datafield>
  <datafield tag="506" ind1="0" ind2=" ">
    <subfield code="a">Access copy available to the general public</subfield>
    <subfield code="f">Unrestricted</subfield>
  </datafield>
  <datafield tag="520" ind1="3" ind2=" ">
    <subfield code="a">La relación entre arte y naturaleza ha marcado la Historia del Arte de todos los tiempos. El patrimonio y los paisajes culturales que se han desarrollado gracias a esta simbiosis son múltiples y diversos en todo el mundo. A ello hay que añadir en la actualidad que algunos museos han optado por implantarse en zonas no urbanizadas, rompiendo estrategias tradicionales e instalando algunas obras en entornos naturales que facilitan el deleite artístico y el aprendizaje en un sentido amplio, siendo muy útiles para visitas o itinerarios interdisciplinares. Nuestro estudio recoge la literatura científica que relaciona las didácticas de las ciencias sociales y naturales, viendo su relación con los ODS 2030 (Objetivos de Desarrollo Sostenible). Asimismo, establece un listado tipológico de museos que combinan arte y naturaleza y señala algunos ejemplos nacionales e internacionales. Por último, analiza museos aragoneses y extremeños, centrándose en los más significativos de esta temática: el Centro de Arte y Naturaleza de Huesca (CDAN) y el Museo Vostell en Malpartida de Cáceres (MVM).

The relationship between art and nature has marked the Art History of all time. The heritage and cultural landscapes that have developed thanks to this symbiosis are multiple and diverse throughout the world. To this must be added at present that some museums have chosen to settle in undeveloped areas, breaking traditional strategies and installing some works in natural environments that facilitate artistic delight and learning in a broad sense, being very useful for visits or interdisciplinary itineraries.
Our study collects the scientific literature that relates the didactics of the social and natural sciences, seeing its relationship with the SDGs 2030 (Sustainable Development Goals). Likewise, it establishes a typological list of museums that combine art and nature and indicates some national and international examples. Lastly, it analyzes Aragonese and Extremaduran museums, focusing on the most significant of this theme: the Huesca Art and Nature Center (CDAN) and the Vostell Museum in Malpartida de Cáceres (MVM).</subfield>
  </datafield>
  <datafield tag="540" ind1=" " ind2=" ">
    <subfield code="9">info:eu-repo/semantics/openAccess</subfield>
    <subfield code="a">by-sa</subfield>
    <subfield code="u">http://creativecommons.org/licenses/by-sa/3.0/es/</subfield>
  </datafield>
  <datafield tag="655" ind1=" " ind2="4">
    <subfield code="a">info:eu-repo/semantics/article</subfield>
    <subfield code="v">info:eu-repo/semantics/publishedVersion</subfield>
  </datafield>
  <datafield tag="700" ind1=" " ind2=" ">
    <subfield code="a">Escanilla Marti´n, Alicia</subfield>
    <subfield code="u">Universidad de Zaragoza</subfield>
    <subfield code="0">(orcid)0000-0003-4516-3519</subfield>
  </datafield>
  <datafield tag="710" ind1="2" ind2=" ">
    <subfield code="1">4013</subfield>
    <subfield code="2">210</subfield>
    <subfield code="a">Universidad de Zaragoza</subfield>
    <subfield code="b">Dpto. Didácticas Específicas</subfield>
    <subfield code="c">Área Didáctica Ciencias Socia.</subfield>
  </datafield>
  <datafield tag="773" ind1=" " ind2=" ">
    <subfield code="g">101 (2020), 83-95</subfield>
    <subfield code="p">Invest. esc.</subfield>
    <subfield code="t">Investigación en la escuela</subfield>
    <subfield code="x">0213-7771</subfield>
  </datafield>
  <datafield tag="856" ind1="4" ind2=" ">
    <subfield code="s">3340430</subfield>
    <subfield code="u">http://zaguan.unizar.es/record/94545/files/texto_completo.pdf</subfield>
    <subfield code="y">Versión publicada</subfield>
  </datafield>
  <datafield tag="856" ind1="4" ind2=" ">
    <subfield code="s">526041</subfield>
    <subfield code="u">http://zaguan.unizar.es/record/94545/files/texto_completo.jpg?subformat=icon</subfield>
    <subfield code="x">icon</subfield>
    <subfield code="y">Versión publicada</subfield>
  </datafield>
  <datafield tag="909" ind1="C" ind2="O">
    <subfield code="o">oai:zaguan.unizar.es:94545</subfield>
    <subfield code="p">articulos</subfield>
    <subfield code="p">driver</subfield>
  </datafield>
  <datafield tag="951" ind1=" " ind2=" ">
    <subfield code="a">2022-06-08-09:38:21</subfield>
  </datafield>
  <datafield tag="980" ind1=" " ind2=" ">
    <subfield code="a">ARTICLE</subfield>
  </datafield>
</record>
</collection>